| 000 | 01625cam a22003615i 4500 | ||
|---|---|---|---|
| 001 | 17449747 | ||
| 003 | EG-ScBUE | ||
| 005 | 20250227100813.0 | ||
| 008 | 120831t2013 nyua fr 001 0 eng d | ||
| 020 | _a9780071795401 (pbk.) | ||
| 020 | _a0071795405 (pbk.) | ||
| 040 |
_aEG-ScBUE _beng _erda _cEG-ScBUE _dEG-ScBUE |
||
| 082 | 0 | 4 |
_a516.076 _bRIC _222 |
| 100 | 1 |
_aRich, Barnett, _d1906- _eauthor. _938617 |
|
| 245 | 1 | 0 |
_aGeometry : _bincludes plane, analytic, and transformational geometries / _cBarnett Rich, Ph.D., Former Chairman, Department of Mathematics, Brooklyn Technical High School, New York City, Christopher Thomas, Ph.D., Assistant Professor, Department of Mathematics, Massachusetts College of Liberal Arts, North Adams, MA. |
| 250 | _aFifth edition. | ||
| 264 | 1 |
_aNew York : _bMcGraw-Hill, _c[2013] |
|
| 264 | 4 | _cc2013 | |
| 300 |
_ax, 326 pages : _billustrations ; _c28 cm. |
||
| 336 |
_2rdacontent _atext _btxt |
||
| 337 |
_aunmediated _2rdamedia _bn |
||
| 338 |
_avolume _bnc _2rdacarrier |
||
| 490 | 0 | _aSchaum’s outline series | |
| 500 | _aIncludes index. | ||
| 500 | _aUse with these courses : Geometry - High school Geometry - Precalculus - Calculus. | ||
| 500 | _a665 Fully solved problems and 25 problems-solving videos online -- cover. | ||
| 650 | 7 |
_aGeometry _vProblems, exercises, etc. _2BUEsh _941249 |
|
| 653 |
_bENGELC _cJune2015 _cOctober2015 _cSeptember2016 |
||
| 655 |
_vReading book _934232 |
||
| 700 | 1 |
_aThomas, Christopher, _d1973- _eauthor. _941250 |
|
| 856 |
_qView Schaum’s problem-solving videos-free _uhttp://www.mhprofessionalresources.com//mediacenter |
||
| 942 |
_2ddc _cBB |
||
| 999 |
_c19895 _d19867 |
||